Del arte árabe en España manifestado en Granada, Sevilla y Córdoba por los tres monumentos principales : (Record no. 47084)

MARC details
000 -LEADER
campo de control de longitud fija 00927nam a2200229 i 4500
001 - NÚMERO DE CONTROL
campo de control 47084
003 - IDENTIFICADOR DE NÚMERO DE CONTROL
campo de control ES-MaACL
005 - FECHA Y HORA DE LA ÚLTIMA TRANSACCIÓN
campo de control 20230906161511.0
007 - CAMPO FIJO DE DESCRIPCIÓN FÍSICA--INFORMACIÓN GENERAL
campo de control de longitud fija t|
008 - DATOS DE LONGITUD FIJA--INFORMACIÓN GENERAL
campo de control de longitud fija 030403s1875 sp ||||1| spa d
100 1# - ENTRADA PRINCIPAL--NOMBRE DE PERSONA
Nombre de persona Contreras, Rafael.
9 (RLIN) 40313
245 10 - MENCIÓN DEL TÍTULO
Título Del arte árabe en España manifestado en Granada, Sevilla y Córdoba por los tres monumentos principales :
Resto del título la Alhambra, el Alcázar y la Gran Mezquita /
Mención de responsabilidad, etc. apuntes arqueológicos por Rafael Contreras.
260 ## - PUBLICACIÓN, DISTRIBUCIÓN, ETC.
Lugar de publicación, distribución, etc. Granada :
Nombre del editor, distribuidor, etc. Indalecio Ventura,
Fecha de publicación, distribución, etc. 1875.
300 ## - DESCRIPCIÓN FÍSICA
Extensión 312 p. :
Otras características físicas il. ;
Dimensiones 22 cm.
530 ## - NOTA DISPONIBLE DE FORMULARIO FÍSICO ADICIONAL
Nota de formato físico adicional disponible Disponible en formato digital.
610 24 - PUNTO DE ACCESO ADICIONAL DE MATERIA--NOMBRE DE ENTIDAD CORPORATIVA
Nombre de entidad corporativa o nombre de jurisdicción como elemento de entrada Alhambra (Granada)
9 (RLIN) 145495
610 24 - PUNTO DE ACCESO ADICIONAL DE MATERIA--NOMBRE DE ENTIDAD CORPORATIVA
Nombre de entidad corporativa o nombre de jurisdicción como elemento de entrada Alcázar de Sevilla.
9 (RLIN) 1324
610 24 - PUNTO DE ACCESO ADICIONAL DE MATERIA--NOMBRE DE ENTIDAD CORPORATIVA
Nombre de entidad corporativa o nombre de jurisdicción como elemento de entrada Mezquita-catedral de Córdoba.
9 (RLIN) 146676
650 #4 - PUNTO DE ACCESO ADICIONAL DE MATERIA--TÉRMINO DE MATERIA
Término de materia o nombre geográfico como elemento de entrada Arquitectura musulmana-
Subdivisión geográfica España.
9 (RLIN) 10037
852 4# - LOCALIZACIÓN
Ubicación ES-MaACL
Número de control de estantería B-1395
856 4# - LOCALIZACIÓN Y ACCESO ELECTRÓNICOS
Identificador Uniforme de Recursos <a href="http://bdh-rd.bne.es/viewer.vm?id=0000238145&page=1 ">http://bdh-rd.bne.es/viewer.vm?id=0000238145&page=1 </a>
Nota pública Biblioteca Digital Hispánica
Holdings
Estatus retirado Estado de pérdida Estado de daño No para préstamo Colección Biblioteca de origen Biblioteca actual Ubicación en estantería Fecha de adquisición Fuente de adquisición Total de préstamos Signatura topográfica completa Código de barras Visto por última vez Precio de reemplazo Tipo de ítem Koha
        Colección digital Biblioteca del Ateneo de Madrid Biblioteca del Ateneo de Madrid Sala Pardo Bazán 17/01/2008     B-1395 1049524 23/02/2023 23/02/2023 Libro impreso antiguo